000 00580nam a2200157 a 4500
005 20140513081056.0
008 070202s19uu xx 00 eng d
050 _aVCD
_bCl583 2005
245 _aClassic fairy tales :
_bthe VCD that reads with me!.
260 _bMagnavision,
_c2005.
440 _aKicsFlix
500 _aVolume 2; appropriate to ages two and above.
520 _a3 great stories such as Beauty and the beast, Jack and the beanstalk, the tortoise and the hare
650 _aBeauty and the beast; jack and beanstalk; the tortoise and the hare.
999 _c116507
_d116507